000 00563nam a22002057a 4500
003 DO-SdBNP
005 20171201081936.0
008 151022b 1983 mdrid|||| |||| 00| 0 spa d
020 _a843481157X
040 _aBPMSU
_bspa
_cBPMSU
100 _aMateos, Pilar
245 _aCapitanes de plástico /
_cPilar Mateos
260 _aMadrid :
_bSM
_g1992
300 _396 p. :
_bil
490 _aEl barco de vapor ; serie no, 18
585 _aPremio El barco de vapor 1981
942 _2ddc
_cBK
945 _ainventariado extranjero / DG
956 _adaysi garcia
999 _c8424
_d8424